000 00467nam a2200181Ia 4500
001 10861
005 20260306161903.0
008 260306t2003||||xx |||||||||||||| ||spa||
041 _aESP
082 _a980.03
_bB47 T. 3
100 _aBethell, Leslie
_eAUT
245 0 _aHistoria de América Latina:
_b3. América Latina Colonial: economía
260 _c2003
300 _a416 páginas :
_c23 cm.
650 _aGEN
654 _aCHU
942 _cLIB
_dJUS
_fJUS
_2ddc
_n
999 _c10861
_d10861